[Event "Chigorin Memorial 23rd"]
[Site "St Petersburg"]
[Date "2015.10.07"]
[Round "5"]
[White "Svidinsky, Dmitry"]
[Black "Fedoseeva, Valentina"]
[Result "1-0"]
[WhiteElo "2147"]
[BlackElo "1932"]
[PlyCount "163"]
[EventDate "2015.10.03"]
[EventType "swiss"]
[EventRounds "9"]
[EventCountry "RUS"]
[SourceTitle "CBM 168 Extra"]
[Source "ChessBase"]
[SourceDate "2015.10.29"]
[SourceVersion "1"]
[SourceVersionDate "2015.10.29"]
[SourceQuality "1"]

1. d4 Nf6 2. c4 e6 3. Nf3 Bb4+ 4. Nbd2 d5 5. e3 0-0 6. Bd3 Re8 7. 0-0 c6 8. a3 Bxd2 9. Bxd2 Ne4 10. Be1 Nd7 11. Qc2 Nef6 12. Rd1 Nf8 13. Ne5 N6d7 14. Nxd7 Bxd7 15. e4 Rc8 16. Bb4 Ng6 17. Bd6 b6 18. b4 dxe4 19. Bxe4 f5 20. Bd3 Qf6 21. Be2 Rcd8 22. f4 Bc8 23. Be5 Qe7 24. c5 Bb7 25. Bf3 Rd7 26. Bd6 Qd8 27. Qa4 Nh8 28. Qxa7 b5 29. a4 Ba8 30. Qa5 Qxa5 31. bxa5 bxa4 32. Ra1 Nf7 33. Rxa4 Nxd6 34. cxd6 Rxd6 35. Rb1 Kf7 36. a6 Ke7 37. Kf2 Rd7 38. a7 Kd6 39. Rb8 Rdd8 40. Rb6 Rc8 41. Ke3 Rc7 42. Rb8 Rec8 43. Kd3 Kd7 44. Ra6 g6 45. Kc4 Kd6 46. h3 Kd7 47. Kc5 Rd8 48. Bxc6+ Bxc6 49. Rxd8+ Kxd8 50. Rxc6 Rxa7 51. Rxe6 Ra2 52. g4 Ra3 53. gxf5 Ra5+ 54. Kd6 Rxf5 55. Re4 Rf6+ 56. Kc5 h6 57. d5 g5 58. fxg5 hxg5 59. Re6 Rf3 60. Rh6 Ra3 61. Rh7 Ra1 62. Kd6 Ra6+ 63. Ke5 Rg6 64. Ra7 g4 65. Kf5 Rd6 66. hxg4 Rxd5+ 67. Ke6 Rd1 68. Ra8+ Kc7 69. Re8 Re1+ 70. Kf7 Rg1 71. Re4 Kd7 72. Kf6 Rf1+ 73. Kg6 Rg1 74. g5 Kc6 75. Kf6 Rf1+ 76. Kg7 Kd5 77. Re8 Rg1 78. g6 Rf1 79. Kg8 Rg1 80. g7 Rf1 81. Rf8 Ra1 82. Kf7 1-0

[Event "Chigorin Memorial 21st"]
[Site "St Petersburg"]
[Date "2013.10.12"]
[Round "8"]
[White "Fedoseeva, Valentina"]
[Black "Kukhmazov, Arsen"]
[Result "0-1"]
[WhiteElo "1950"]
[BlackElo "2239"]
[PlyCount "96"]
[EventDate "2013.10.05"]
[EventType "swiss"]
[EventRounds "9"]
[EventCountry "RUS"]
[SourceTitle "CBM 156 Extra"]
[Source "ChessBase"]
[SourceDate "2013.10.22"]
[SourceVersion "1"]
[SourceVersionDate "2013.10.22"]
[SourceQuality "1"]

1. e4 c6 2. d4 d5 3. Nc3 dxe4 4. Nxe4 Bf5 5. Ng3 Bg6 6. Nf3 e6 7. h4 h6 8. h5 Bh7 9. Bd3 Bxd3 10. Qxd3 Nf6 11. Bd2 c5 12. 0-0-0 Nc6 13. Bc3 Qd5 14. Qb5 0-0-0 15. Qa4 Ne4 16. Nxe4 Qxe4 17. Rhe1 Qg4 18. Ne5 Nxe5 19. Rxe5 Bd6 20. Ree1 Kb8 21. Qb5 Qxh5 22. g3 Qg5+ 23. Bd2 Qe7 24. Be3 cxd4 25. Rxd4 b6 26. Red1 e5 27. Rd5 Bc7 28. Rd7 Qe6 29. a4 Rxd7 30. Rxd7 Kc8 31. Rd3 Rd8 32. a5 Rxd3 33. Qxd3 f5 34. axb6 axb6 35. Qe2 g5 36. Bd2 e4 37. Bc3 f4 38. gxf4 gxf4 39. Bd4 Kb7 40. c3 Qf5 41. Qc4 h5 42. b4 e3 43. b5 Qe4 44. fxe3 fxe3 45. Qe2 Bf4 46. Bf6 Qd5 47. Bd4 h4 48. Kd1 h3 0-1

[Event "Chigorin Memorial 21st"]
[Site "St Petersburg"]
[Date "2013.10.11"]
[Round "7"]
[White "Loginov, Anton"]
[Black "Fedoseeva, Valentina"]
[Result "0-1"]
[WhiteElo "2156"]
[BlackElo "1950"]
[PlyCount "94"]
[EventDate "2013.10.05"]
[EventType "swiss"]
[EventRounds "9"]
[EventCountry "RUS"]
[SourceTitle "CBM 156 Extra"]
[Source "ChessBase"]
[SourceDate "2013.10.22"]
[SourceVersion "1"]
[SourceVersionDate "2013.10.22"]
[SourceQuality "1"]

1. e4 e5 2. Nf3 Nc6 3. Bb5 a6 4. Ba4 Nf6 5. d3 b5 6. Bb3 Be7 7. Nc3 d6 8. Nd5 Nxd5 9. Bxd5 Bb7 10. d4 Rb8 11. c3 0-0 12. Be3 Bf6 13. dxe5 dxe5 14. b4 Qd7 15. h3 Bc8 16. a4 Bb7 17. 0-0 Qc8 18. Nd2 Nd8 19. Bxb7 Nxb7 20. Qe2 Nd6 21. Bc5 Rd8 22. Rfd1 Nb7 23. Be3 Nd6 24. Ba7 Ra8 25. Bc5 Qb7 26. f3 Qc6 27. Nb3 Nc4 28. Rxd8+ Bxd8 29. Qa2 Nb6 30. axb5 axb5 31. Na5 Qd7 32. Qc2 Na4 33. Bf2 c5 34. Nb3 cxb4 35. cxb4 Be7 36. Rd1 Qe6 37. Bc5 Qc6 38. Qf2 Nxc5 39. Nxc5 g6 40. Rd5 Bg5 41. g3 Ra1+ 42. Kg2 Qa8 43. f4 exf4 44. gxf4 Be7 45. Qe2 Qa3 46. Rd1 Rxd1 47. Qxd1 Qxb4 0-1

[Event "Chigorin Memorial 21st"]
[Site "St Petersburg"]
[Date "2013.10.10"]
[Round "6"]
[White "Fedoseeva, Valentina"]
[Black "Kalinin, Nikita"]
[Result "1/2-1/2"]
[WhiteElo "1950"]
[BlackElo "2167"]
[PlyCount "102"]
[EventDate "2013.10.05"]
[EventType "swiss"]
[EventRounds "9"]
[EventCountry "RUS"]
[SourceTitle "CBM 156 Extra"]
[Source "ChessBase"]
[SourceDate "2013.10.22"]
[SourceVersion "1"]
[SourceVersionDate "2013.10.22"]
[SourceQuality "1"]

1. e4 e5 2. Nf3 Nc6 3. Bc4 Bc5 4. c3 Nf6 5. d4 exd4 6. e5 d5 7. Bb5 Ne4 8. cxd4 Bb6 9. 0-0 0-0 10. Be3 Bg4 11. Bxc6 bxc6 12. Nbd2 f6 13. Rc1 Nxd2 14. Qxd2 Bxf3 15. gxf3 fxe5 16. dxe5 Rxf3 17. Bxb6 axb6 18. Rxc6 Ra4 19. b4 Rf5 20. f4 Ra3 21. Rd1 h6 22. Rg6 Kh7 23. Qg2 Qe7 24. Rxd5 Rc3 25. Rd1 Rxf4 26. e6 Re3 27. Qc2 Qxb4 28. Kh1 Kh8 29. Rdg1 Re1 30. Rxg7 Rxg1+ 31. Rxg1 Qe4+ 32. Qxe4 Rxe4 33. Rg6 Kh7 34. Rf6 c5 35. e7 Rxe7 36. Rxb6 Re1+ 37. Kg2 Re2+ 38. Kf3 Rxa2 39. Rc6 Rc2 40. h4 Rc4 41. h5 Kg7 42. Rg6+ Kh7 43. Rc6 Rc1 44. Ke2 Rc4 45. Ke3 Rc2 46. Kd3 Rc1 47. Kd2 Rc4 48. Ke3 Rc3+ 49. Kd2 Rg3 50. Rxc5 Rg5 51. Rxg5 hxg5 1/2-1/2

[Event "Chigorin Memorial 21st"]
[Site "St Petersburg"]
[Date "2013.10.05"]
[Round "1"]
[White "Chashchev, Sergey"]
[Black "Fedoseeva, Valentina"]
[Result "1-0"]
[WhiteElo "2396"]
[BlackElo "1950"]
[PlyCount "179"]
[EventDate "2013.10.05"]
[EventType "swiss"]
[EventRounds "9"]
[EventCountry "RUS"]
[SourceTitle "CBM 156 Extra"]
[Source "ChessBase"]
[SourceDate "2013.10.22"]
[SourceVersion "1"]
[SourceVersionDate "2013.10.22"]
[SourceQuality "1"]

1. c4 Nf6 2. Nf3 e6 3. g3 b6 4. Bg2 Bb7 5. 0-0 c5 6. b3 Be7 7. Bb2 0-0 8. d4 Qc7 9. Nc3 d5 10. cxd5 Nxd5 11. Rc1 Rd8 12. Qc2 Nxc3 13. Qxc3 Bf6 14. Qc2 Nd7 15. b4 Rac8 16. dxc5 Bxb2 17. Qxb2 bxc5 18. bxc5 Nxc5 19. Rxc5 Qxc5 20. Qxb7 Rc7 21. Qa6 Qc4 22. Qxc4 Rxc4 23. e3 Rc2 24. Ra1 Rdc8 25. Bf1 Rc1 26. Rxc1 Rxc1 27. Kg2 Rc2 28. a4 Ra2 29. Bb5 a6 30. Bxa6 Rxa4 31. Bf1 h5 32. h4 g6 33. Ng5 Rb4 34. f4 Kg7 35. e4 Rb2+ 36. Kf3 Rb3+ 37. Kf2 Rb4 38. e5 Rb2+ 39. Ke3 Rb3+ 40. Bd3 Rb4 41. Be4 Rb3+ 42. Kf2 Rc3 43. Kg2 Rc4 44. Kg1 Rc3 45. Kf2 Ra3 46. Bc6 Kf8 47. Ne4 Ra2+ 48. Kg1 Ra1+ 49. Kg2 Ra2+ 50. Kh3 Ke7 51. Nd6 Rd2 52. Bb5 Rd5 53. Be2 Rd2 54. Bf1 Kf8 55. Bg2 Ke7 56. Kh2 Ra2 57. Kg1 Ra1+ 58. Bf1 Ra2 59. Bb5 Rd2 60. Kf1 Rd5 61. Bc6 Rd2 62. Ke1 Rh2 63. Be8 Rg2 64. Bxf7 Rxg3 65. Kf2 Rg4 66. Kf3 Rg1 67. Bg8 Rg4 68. Ne4 Rxh4 69. Ng5 Rh1 70. Bxe6 Rf1+ 71. Ke3 h4 72. Bg4 Ra1 73. Bf3 Ra2 74. Be4 Ra6 75. Kf3 Kf8 76. Kg4 Kg7 77. Kxh4 Rb6 78. Kg3 Rb3+ 79. Kf2 Ra3 80. Ke2 Rb3 81. Bd3 Ra3 82. Ke3 Ra4 83. Nf3 Rb4 84. Nh4 g5 85. Nf5+ Kf7 86. Nd6+ Ke7 87. f5 g4 88. f6+ Ke6 89. Bf5+ Kxe5 90. f7 1-0

[Event "RUS-chT U20"]
[Site "Kaliningrad"]
[Date "2013.08.08"]
[Round "7"]
[White "Fedoseeva, Valentina"]
[Black "Chuprova, Irina"]
[Result "1-0"]
[WhiteElo "1923"]
[BlackElo "1967"]
[PlyCount "65"]
[EventDate "2013.08.02"]
[EventType "team-swiss"]
[EventRounds "9"]
[EventCountry "RUS"]
[SourceTitle "EXT 2018"]
[Source "ChessBase"]
[SourceDate "2017.10.13"]
[SourceVersion "1"]
[SourceVersionDate "2017.10.13"]
[SourceQuality "1"]

1. d4 c5 2. c3 e6 3. Bf4 cxd4 4. Qxd4 Nc6 5. Qd3 e5 6. Bg3 Nf6 7. e4 d6 8. Nd2 Be6 9. Ngf3 Qc7 10. Nc4 0-0-0 11. 0-0-0 Na5 12. Nfd2 Nh5 13. b3 Nxg3 14. hxg3 d5 15. exd5 Rxd5 16. Qc2 h6 17. Kb2 Be7 18. Ne3 Rd7 19. Bb5 Nc6 20. Bc4 Bxc4 21. Ndxc4 Rhd8 22. Rxd7 Rxd7 23. Rd1 Bf8 24. Qf5 Bc5 25. Nd5 Qd8 26. Nxe5 Nxe5 27. Qxe5 Bxf2 28. c4 f6 29. Qf4 Bc5 30. Qg4 Bd6 31. Nf4 Kb8 32. Kc2 Kc8 33. Rxd6 1-0

[Event "St Petersburg-ch (Women) 81st"]
[Site "St Petersburg"]
[Date "2013.03.20"]
[Round "10"]
[White "Kiseleva, Arina"]
[Black "Fedoseeva, Valentina"]
[Result "0-1"]
[WhiteElo "1975"]
[BlackElo "1937"]
[PlyCount "126"]
[EventDate "2013.03.11"]
[EventType "tourn"]
[EventRounds "11"]
[EventCountry "RUS"]
[SourceTitle "CBM 153 Extra"]
[Source "ChessBase"]
[SourceDate "2013.04.22"]
[SourceVersion "1"]
[SourceVersionDate "2013.04.22"]
[SourceQuality "1"]

1. d4 Nf6 2. Nf3 e6 3. c4 d5 4. cxd5 exd5 5. Bg5 Be7 6. Nc3 c6 7. Qc2 h6 8. Bh4 Be6 9. e3 Qc7 10. Bd3 Nbd7 11. a3 0-0 12. 0-0 Bd6 13. b4 Bg4 14. Bg3 Bxg3 15. hxg3 Rfc8 16. Rac1 Qd6 17. Qb2 a6 18. a4 Be6 19. Rfd1 Rc7 20. b5 c5 21. bxa6 bxa6 22. Bb1 Rb8 23. dxc5 Qxc5 24. Nb5 axb5 25. Rxc5 Rxc5 26. Rc1 Rxc1+ 27. Qxc1 bxa4 28. Bd3 Rb3 29. Bc2 Rc3 30. Qb2 Rc4 31. Nd2 a3 32. Qa2 Rc3 33. Bb3 Nc5 34. Qxa3 Nxb3 35. Nxb3 d4 36. Qa8+ Kh7 37. exd4 Rxb3 38. f3 Rb1+ 39. Kh2 Rb4 40. Qa7 Rc4 41. Qb6 g6 42. Qd6 Nd5 43. Qe5 Ne7 44. Qf6 Nf5 45. g4 Nxd4 46. Qh4 Kg7 47. Qg3 Kh7 48. Qh4 Ne2 49. Qf6 Nf4 50. Qe5 Ra4 51. Qe3 g5 52. g3 Ra2+ 53. Kh1 Ng6 54. Qc5 Rb2 55. Kg1 Rd2 56. Qe3 Rd5 57. Kg2 Ne5 58. Qe4+ Kg7 59. Qc2 Rd7 60. Qe2 f6 61. Kf2 Bc4 62. Qc2 Rb7 63. f4 Rb2 0-1

[Event "St Petersburg-ch sf (Women)"]
[Site "St Petersburg"]
[Date "2013.01.26"]
[Round "1"]
[White "Fedoseeva, Valentina"]
[Black "Degoda, Evgenia"]
[Result "1-0"]
[WhiteElo "1930"]
[BlackElo "1556"]
[PlyCount "75"]
[EventDate "2013.01.26"]
[EventType "swiss"]
[EventRounds "9"]
[EventCountry "RUS"]
[SourceTitle "CBM 152 Extra"]
[Source "ChessBase"]
[SourceDate "2013.02.25"]
[SourceVersion "1"]
[SourceVersionDate "2013.02.25"]
[SourceQuality "1"]

1. e4 c6 2. d4 d5 3. Nc3 dxe4 4. Nxe4 Nf6 5. Nxf6+ gxf6 6. Bc4 Qc7 7. Ne2 Bf5 8. c3 e6 9. Bd3 Bxd3 10. Qxd3 Nd7 11. Bf4 Bd6 12. Bxd6 Qxd6 13. 0-0-0 0-0-0 14. Qf3 Qe7 15. Rhe1 Nb6 16. h3 Rhe8 17. Ng3 Rd5 18. Qd3 Rh8 19. Nf1 h6 20. Ne3 Ra5 21. Kb1 Qc7 22. g3 Nd5 23. Nxd5 Rxd5 24. Re4 Rf5 25. Qe3 Rh5 26. h4 Rd5 27. Re1 Qd7 28. Qf3 Rf5 29. Rf4 Rxf4 30. Qxf4 Qe7 31. h5 Kd7 32. g4 Rh7 33. Re3 Rh8 34. Rf3 f5 35. gxf5 exf5 36. Qxf5+ Kd8 37. Re3 Qd7 38. Qf6+ 1-0

[Event "Keres Memorial-B"]
[Site "Tallinn"]
[Date "2013.01.19"]
[Round "9"]
[White "Haavamae, Henrik"]
[Black "Fedoseeva, Valentina"]
[Result "1/2-1/2"]
[WhiteElo "1977"]
[BlackElo "1930"]
[PlyCount "108"]
[EventDate "2013.01.13"]
[EventType "tourn"]
[EventRounds "9"]
[EventCountry "EST"]
[SourceTitle "CBM 152 Extra"]
[Source "ChessBase"]
[SourceDate "2013.02.25"]
[SourceVersion "1"]
[SourceVersionDate "2013.02.25"]
[SourceQuality "1"]

1. e4 e5 2. Nf3 Nc6 3. Bb5 a6 4. Ba4 Nf6 5. 0-0 Be7 6. Re1 b5 7. Bb3 0-0 8. c3 d6 9. h3 Nb8 10. d4 Nbd7 11. Nbd2 Bb7 12. Bc2 Re8 13. Nf1 Bf8 14. Ng3 g6 15. b3 Bg7 16. d5 Rc8 17. c4 c6 18. dxc6 Rxc6 19. cxb5 axb5 20. Bd3 b4 21. Bb5 Rb6 22. Qd3 Nc5 23. Qc4 Re7 24. Be3 Rc7 25. Qxb4 Ba6 26. a4 Qb8 27. Qc4 Bxb5 28. axb5 Rxb5 29. Ra8 Qxa8 30. Qxb5 Ncxe4 31. Nxe4 Nxe4 32. Kh2 Nc5 33. Ra1 Qd8 34. b4 Rb7 35. Qa5 Qxa5 36. Rxa5 Rxb4 37. Ra8+ Bf8 38. Nxe5 Ra4 39. Rc8 g5 40. Bxc5 Kg7 41. Nd7 dxc5 42. Nxf8 Rd4 43. Rxc5 Kxf8 44. Rxg5 f6 45. Rg4 Rd2 46. Kg3 Kf7 47. Ra4 Rb2 48. f4 Kg6 49. Kf3 h5 50. Ra5 Rb3+ 51. Kf2 Rc3 52. Ra2 Rb3 53. Re2 Kf5 54. g3 h4 1/2-1/2

[Event "Keres Memorial-B"]
[Site "Tallinn"]
[Date "2013.01.18"]
[Round "8"]
[White "Fedoseeva, Valentina"]
[Black "Abozenko, Georg"]
[Result "0-1"]
[WhiteElo "1930"]
[BlackElo "1915"]
[PlyCount "110"]
[EventDate "2013.01.13"]
[EventType "tourn"]
[EventRounds "9"]
[EventCountry "EST"]
[SourceTitle "CBM 152 Extra"]
[Source "ChessBase"]
[SourceDate "2013.02.25"]
[SourceVersion "1"]
[SourceVersionDate "2013.02.25"]
[SourceQuality "1"]

1. e4 d5 2. exd5 Nf6 3. c4 e6 4. dxe6 Bxe6 5. Nf3 Qe7 6. Qe2 Nc6 7. d4 Bg4 8. Qxe7+ Bxe7 9. Be3 Bb4+ 10. Nfd2 0-0-0 11. d5 Rhe8 12. a3 Nd4 13. Bd3 Nb3 14. axb4 Nxa1 15. 0-0 c6 16. Na3 cxd5 17. Rxa1 dxc4 18. Bxc4 Rxe3 19. fxe3 Rxd2 20. b3 Bh5 21. Nb5 a6 22. Nd4 Ng4 23. Nf3 Rb2 24. Re1 b5 25. Bd5 Nf6 26. Rc1+ Kb8 27. e4 Bxf3 28. gxf3 Nxd5 29. exd5 Rxb3 30. d6 Rd3 31. Rc6 g6 32. Kf2 h5 33. Ke2 Rd5 34. Rxa6 Kb7 35. Ra2 Rxd6 36. Ke3 Rd1 37. Rb2 Kc6 38. Ke4 Kd6 39. Ke3 Rc1 40. Rd2+ Ke6 41. Rb2 Ke5 42. Kd2 Rc4 43. Ke3 Rc3+ 44. Ke2 Kf4 45. Rd2 Re3+ 46. Kd1 Rb3 47. Rd4+ Kxf3 48. Kc2 Re3 49. Rd5 Re2+ 50. Kc3 Rxh2 51. Rxb5 h4 52. Rb7 f5 53. b5 g5 54. b6 Rh1 55. Kc2 Re1 0-1

[Event "Keres Memorial-B"]
[Site "Tallinn"]
[Date "2013.01.16"]
[Round "5"]
[White "Tsiganova, Monika"]
[Black "Fedoseeva, Valentina"]
[Result "1-0"]
[WhiteElo "2161"]
[BlackElo "1930"]
[PlyCount "47"]
[EventDate "2013.01.13"]
[EventType "tourn"]
[EventRounds "9"]
[EventCountry "EST"]
[SourceTitle "CBM 152 Extra"]
[Source "ChessBase"]
[SourceDate "2013.02.25"]
[SourceVersion "1"]
[SourceVersionDate "2013.02.25"]
[SourceQuality "1"]

1. d4 Nf6 2. c4 e6 3. Nf3 b6 4. e3 Bb7 5. Bd3 c5 6. 0-0 Be7 7. b3 d5 8. cxd5 Nxd5 9. Bb2 0-0 10. Nbd2 Nc6 11. Rc1 cxd4 12. exd4 Bf6 13. Ne4 Be7 14. Bb1 Rc8 15. Re1 Re8 16. Ne5 Bf8 17. Nxf7 Kxf7 18. Qh5+ Ke7 19. Ng5 Kd7 20. Nxe6 Nf4 21. Qf7+ Qe7 22. Nxf8+ Rxf8 23. Rxe7+ Nxe7 24. Bf5+ 1-0

[Event "Keres Memorial-B"]
[Site "Tallinn"]
[Date "2013.01.15"]
[Round "4"]
[White "Fedoseeva, Valentina"]
[Black "Vepkhvishvili, Varlam"]
[Result "1/2-1/2"]
[WhiteElo "1930"]
[BlackElo "2256"]
[PlyCount "100"]
[EventDate "2013.01.13"]
[EventType "tourn"]
[EventRounds "9"]
[EventCountry "EST"]
[SourceTitle "CBM 152 Extra"]
[Source "ChessBase"]
[SourceDate "2013.02.25"]
[SourceVersion "1"]
[SourceVersionDate "2013.02.25"]
[SourceQuality "1"]

1. e4 e5 2. Nf3 Nc6 3. Bc4 Be7 4. 0-0 d6 5. h3 Nf6 6. Re1 0-0 7. c3 Na5 8. Bf1 c5 9. d4 Qc7 10. Na3 a6 11. b3 b5 12. Bb2 Nc6 13. Nc2 Bd7 14. Ne3 b4 15. dxe5 Nxe5 16. Nxe5 dxe5 17. cxb4 cxb4 18. Nc4 Bc5 19. Bxe5 Qa7 20. Qd2 Bc6 21. Qf4 Nh5 22. Qf3 g6 23. Bd6 f5 24. Bxf8 Rxf8 25. Ne5 Bxe4 26. Bc4+ Kg7 27. Qe2 Bxg2 28. Nd3 Be4 29. Nxc5 Qxc5 30. Rad1 Qe7 31. Qb2+ Kh6 32. Qd2+ f4 33. Qd7 Qxd7 34. Rxd7 Bf5 35. Ra7 Bxh3 36. Ree7 Rd8 37. Rxh7+ Kg5 38. Be2 Bg4 39. Bxg4 Kxg4 40. Rhd7 Re8 41. Rxa6 Re1+ 42. Kh2 g5 43. Rad6 Kf3 44. Rd2 g4 45. R7d3+ Ke4 46. Kg2 f3+ 47. Kh2 g3+ 48. fxg3 f2 49. Rd4+ Ke3 50. R4d3+ Ke4 1/2-1/2

[Event "Keres Memorial-B"]
[Site "Tallinn"]
[Date "2013.01.13"]
[Round "1"]
[White "Fedoseeva, Valentina"]
[Black "Kukk, Sander"]
[Result "0-1"]
[WhiteElo "1930"]
[BlackElo "2184"]
[PlyCount "118"]
[EventDate "2013.01.13"]
[EventType "tourn"]
[EventRounds "9"]
[EventCountry "EST"]
[SourceTitle "CBM 152 Extra"]
[Source "ChessBase"]
[SourceDate "2013.02.25"]
[SourceVersion "1"]
[SourceVersionDate "2013.02.25"]
[SourceQuality "1"]

1. e4 g6 2. d4 Bg7 3. Nf3 d6 4. Bc4 Nf6 5. Nc3 0-0 6. 0-0 Bg4 7. h3 Bxf3 8. Qxf3 Nc6 9. Rd1 e5 10. dxe5 Nxe5 11. Qe2 Nxc4 12. Qxc4 Re8 13. Bg5 c6 14. Bf4 Nxe4 15. Nxe4 d5 16. Qb3 Rxe4 17. Be3 Qe7 18. c3 a6 19. Qb6 Re8 20. Rac1 Be5 21. Kf1 f5 22. Bc5 Bd6 23. Bxd6 Qxd6 24. f3 Re2 25. Re1 Qe5 26. Rxe2 Qxe2+ 27. Kg1 Qd2 28. Rf1 Qe3+ 29. Qxe3 Rxe3 30. Kf2 Re6 31. Rd1 Kf7 32. Rd4 Ke7 33. Rb4 b5 34. Rh4 h5 35. g4 fxg4 36. hxg4 hxg4 37. Rxg4 Kd6 38. Rd4 c5 39. Rg4 c4 40. Rh4 Kc5 41. b4+ cxb3 42. axb3 Kd6 43. b4 Ke5 44. Ke3 Rc6 45. Kd3 Rc4 46. Rh8 d4 47. cxd4+ Rxd4+ 48. Kc3 Rc4+ 49. Kb3 Rf4 50. Rh3 Kd4 51. Rg3 Rf6 52. Kb2 Ke3 53. Rg1 Kf2 54. Ra1 g5 55. Kc3 Rxf3+ 56. Kd4 Rf4+ 57. Ke5 Rxb4 58. Ra2+ Kf3 59. Ra3+ Kg2 0-1

[Event "Chigorin Memorial 20th"]
[Site "St Petersburg"]
[Date "2012.11.04"]
[Round "9"]
[White "Tarakanova, Valeria"]
[Black "Fedoseeva, Valentina"]
[Result "1/2-1/2"]
[WhiteElo "1778"]
[BlackElo "1930"]
[PlyCount "81"]
[EventDate "2012.10.27"]
[EventType "swiss"]
[EventRounds "9"]
[EventCountry "RUS"]
[SourceTitle "EXT 2013"]
[Source "ChessBase"]
[SourceDate "2012.11.22"]
[SourceVersion "1"]
[SourceVersionDate "2012.11.22"]
[SourceQuality "1"]

1. e4 e5 2. Nc3 Nc6 3. Bc4 Nf6 4. d3 Be7 5. f4 d6 6. Nf3 Ng4 7. 0-0 exf4 8. Bxf4 Nge5 9. Nxe5 dxe5 10. Be3 0-0 11. a3 Nd4 12. Rf2 Bg5 13. Qd2 Bxe3 14. Qxe3 Be6 15. Bxe6 Nxe6 16. Raf1 c6 17. Ne2 Qd7 18. Ng3 g6 19. Ne2 Kg7 20. Kh1 f6 21. Qh3 Qd6 22. Qe3 b6 23. Ng1 Nd4 24. Qg3 Rad8 25. Nf3 Nxf3 26. Rxf3 Qe6 27. Kg1 Qa2 28. Qh4 Rd6 29. Rh3 h5 30. g4 Rh8 31. Rg3 Kf7 32. g5 Qxb2 33. gxf6 Rdd8 34. Qg5 Rdg8 35. Rg2 Qd4+ 36. Kh1 Qd6 37. Rgg1 Qe6 38. Qh4 Qd7 39. Rg5 Re8 40. Rg3 Qe6 41. Qg5 1/2-1/2

[Event "Chigorin Memorial 20th"]
[Site "St Petersburg"]
[Date "2012.11.03"]
[Round "8"]
[White "Fedoseeva, Valentina"]
[Black "Napalkov, Vladimir Aleksandro"]
[Result "0-1"]
[WhiteElo "1930"]
[BlackElo "2150"]
[PlyCount "62"]
[EventDate "2012.10.27"]
[EventType "swiss"]
[EventRounds "9"]
[EventCountry "RUS"]
[SourceTitle "EXT 2013"]
[Source "ChessBase"]
[SourceDate "2012.11.22"]
[SourceVersion "1"]
[SourceVersionDate "2012.11.22"]
[SourceQuality "1"]

1. e4 c6 2. d4 d5 3. Nc3 dxe4 4. Nxe4 Bf5 5. Ng3 Bg6 6. Nf3 e6 7. h4 h6 8. h5 Bh7 9. Bd3 Bxd3 10. Qxd3 Nf6 11. Bf4 Nbd7 12. 0-0-0 Nd5 13. Bd2 Nb4 14. Qb3 a5 15. a3 a4 16. Qc4 Nd5 17. Ne4 Qc7 18. Nc3 Nxc3 19. Qxc3 Nf6 20. Qd3 Bd6 21. Kb1 b5 22. c4 bxc4 23. Qxc4 0-0 24. Rc1 Rfb8 25. Ka1 Rb6 26. Qc2 Qb8 27. Rh4 Rb3 28. Ka2 Qf8 29. Qxc6 Bxa3 30. Bc3 Nd5 31. Rc2 Bxb2 0-1

[Event "Chigorin Memorial 20th"]
[Site "St Petersburg"]
[Date "2012.11.02"]
[Round "7"]
[White "Fedoseeva, Valentina"]
[Black "Pischikov, Vadim"]
[Result "1/2-1/2"]
[WhiteElo "1930"]
[BlackElo "2143"]
[PlyCount "120"]
[EventDate "2012.10.27"]
[EventType "swiss"]
[EventRounds "9"]
[EventCountry "RUS"]
[SourceTitle "EXT 2013"]
[Source "ChessBase"]
[SourceDate "2012.11.22"]
[SourceVersion "1"]
[SourceVersionDate "2012.11.22"]
[SourceQuality "1"]

1. e4 e5 2. Nf3 Nc6 3. Bc4 Be7 4. 0-0 Nf6 5. Re1 0-0 6. d4 d6 7. h3 h6 8. Nc3 Nd7 9. Nd5 Nb6 10. Nxe7+ Qxe7 11. Bf1 Bd7 12. b3 g5 13. dxe5 dxe5 14. Nh2 Rad8 15. Qh5 Kg7 16. Ng4 Bxg4 17. Qxg4 Nd4 18. Bd3 Nd7 19. h4 f6 20. c3 Ne6 21. g3 Ndc5 22. Bc4 c6 23. Ba3 Rfe8 24. Qh5 Qc7 25. Qg4 b5 26. Bf1 Nb7 27. Bc1 Qf7 28. Be3 a6 29. Be2 Nd6 30. Bd3 c5 31. Bc2 Qg6 32. Bd2 h5 33. Qh3 g4 34. Qf1 Nc4 35. bxc4 Rxd2 36. Bd3 Rd8 37. Be2 b4 38. cxb4 Qxe4 39. a3 Nd4 40. Bd1 Qc6 41. Qg2 cxb4 42. axb4 Qxc4 43. Qb7+ Qf7 44. Qxa6 Qd5 45. Qa7+ Rd7 46. Qb8 Nc6 47. Qe8 Qd4 48. Rf1 Rd3 49. Kg2 Qd5+ 50. Kh2 Qf7 51. Qxf7+ Rxf7 52. Ba4 Nxb4 53. Be8 Re7 54. Bxh5 Rd4 55. Ra8 Kh6 56. Be8 Nd5 57. Bc6 Nb4 58. Bg2 e4 59. Rg8 Rg7 60. Re8 f5 1/2-1/2

[Event "Chigorin Memorial 20th"]
[Site "St Petersburg"]
[Date "2012.10.29"]
[Round "3"]
[White "Kalinin, Nikita"]
[Black "Fedoseeva, Valentina"]
[Result "1-0"]
[WhiteElo "2153"]
[BlackElo "1930"]
[PlyCount "53"]
[EventDate "2012.10.27"]
[EventType "swiss"]
[EventRounds "9"]
[EventCountry "RUS"]
[SourceTitle "EXT 2013"]
[Source "ChessBase"]
[SourceDate "2012.11.22"]
[SourceVersion "1"]
[SourceVersionDate "2012.11.22"]
[SourceQuality "1"]

1. e4 e5 2. Nf3 Nc6 3. d4 exd4 4. Nxd4 Nf6 5. Nxc6 bxc6 6. e5 Qe7 7. Qe2 Nd5 8. Nd2 Nb4 9. Nf3 c5 10. Bf4 h6 11. h4 Bb7 12. a3 Ba6 13. Qd2 Bxf1 14. Kxf1 Nc6 15. g3 Rb8 16. Qc3 Qe6 17. Kg2 Qd5 18. Be3 Nd4 19. Bxd4 cxd4 20. Qxc7 Rxb2 21. Qc8+ Ke7 22. Rhd1 Qc6 23. Qxc6 dxc6 24. Nxd4 c5 25. Nc6+ Ke6 26. Nd8+ Kxe5 27. Nxf7+ 1-0

[Event "Chigorin Memorial 20th"]
[Site "St Petersburg"]
[Date "2012.10.28"]
[Round "2"]
[White "Fedoseeva, Valentina"]
[Black "Melnikov, Dmitry"]
[Result "0-1"]
[WhiteElo "1930"]
[BlackElo "2292"]
[PlyCount "40"]
[EventDate "2012.10.27"]
[EventType "swiss"]
[EventRounds "9"]
[EventCountry "RUS"]
[SourceTitle "EXT 2013"]
[Source "ChessBase"]
[SourceDate "2012.11.22"]
[SourceVersion "1"]
[SourceVersionDate "2012.11.22"]
[SourceQuality "1"]

1. e4 e5 2. Nf3 Nc6 3. Bc4 Nf6 4. d3 Bc5 5. 0-0 0-0 6. c3 a6 7. Re1 Ba7 8. Bg5 h6 9. Bh4 g5 10. Bg3 d6 11. Bb3 Nh7 12. d4 g4 13. Nh4 exd4 14. Nf5 Bxf5 15. exf5 Qg5 16. Re4 Nf6 17. Bf4 Qxf5 18. Bxh6 Nxe4 19. Bxf8 Nxf2 20. Qe2 d3 0-1